000 00613nam a2200193Ia 4500
003 LDD
008 190117s9999 xx 000 0 und d
020 _a978813611305
_c₹200
040 _cLDD
041 _ahi
082 _a8H3.7 शि6801क
100 _aशिवानी
245 0 _aकस्तूरी मृग
_cशिवानी
260 _aनई दिल्ली
_bराधाकृष्ण प्रकाशन
_c2007
300 _a139p.
901 _aKGP
904 _aReqst by : Jitendra Kumar Srivasta
942 _2ddc
_cH
999 _c171739
_d171739